Statistics for Taylor Swift Lyrics

Click here to take the quiz!

General Stats

  • This quiz has been taken 185 times
  • The average score is 12 of 15

Answer Stats

Lyrics Answer % Correct
Now it's too late for you and your ___ ___ to come around.white horse
93%
Are we out of the ______ yet?woods
93%
She's cheer captain, and I'm on the _____.bleachers
92%
You can tell me when it's over. If the high was worth the _____.pain
89%
I see ____ fly whenever you smile.sparks
89%
All I can say is I was _____ to meet you.enchanted
86%
I'm standing ______ in a crowded room and we're not speaking.alone
85%
I could build a _______ out of all the bricks they threw at mecastle
82%
I might be okay but I'm not ____ at all.fine
81%
But on a _______ in a cafe, I watched it begin again.Wednesday
78%
We're happy, free, confused, and ____ at the same time.lonely
78%
And when I fell hard, you took a step back. ______ me.Without
75%
They are the hunters, we are the ______. And we runfoxes
73%
It's so sad to think about the _____ _____. You and I.good times
56%
It's a new _______ I could dance to this beat.soundtrack
52%

Score Distribution

Percentile by Number Answered

Percent of People with Each Score

Your Score History

You have not taken this quiz